Normal view
MARC view
Entry Topical Term
001 - CONTROL NUMBER
- control field: 251872
003 - CONTROL NUMBER IDENTIFIER
- control field: OSt
005 - DATE AND TIME OF LATEST TRANSACTION
- control field: 20260120122045.0
008 - FIXED-LENGTH DATA ELEMENTS
- fixed length control field: 260120|| aca||aabn | a|a d
040 ## - CATALOGING SOURCE
- Original cataloging agency: OSt
- Transcribing agency: OSt
150 ## - HEADING--TOPICAL TERM
- Topical term or geographic name entry element: JIva
670 ## - SOURCE DATA FOUND
- Source citation: Work cat.: (OSt)144854: RAMASVAMI AYYANGARA (B S) ರಾಮಸ್ವಾಮಿ ಅಯ್ಯಂಗಾರ (ಬಿ ಎಸ್ ) 251870, Jiva jyotigalu, 1941